000 01110njm a22003017a 4500
005 2010091708498.0
007 sd ammalaaahaa
008 100913t xxu||||| |||| 00| 0 hin d
028 _aEMOE. 2136
_bOdeon
035 _aGR-03047
040 _aSED/VEN
100 _919606
_aKapoor, Mehendra
245 _aDastaan part 1 & 2 /
_h[sound recording] :
_cby Mahendra Kapoor ; music Kalyanji Anandiji
246 _aDastaan (Asha Bhosle)
260 _aDum Dum, India
_bOdeon
_cn. d.
300 _a1 sound disc [Gramophone record] :
_banalog, 45 rpm
_c7 in.
_fGramophone record
500 _aBrief record.
500 _aOdeon
500 _aBlack
500 _aExended Play
505 _aOm jai jagdish hare-aarti, Raghupati raghav-Ram dhun (ॐ जय जगदीश हरे-आरती) (रघुपति राघव-राम धुन)
650 _aClassical Music
_xExcerpts
_zIndia
_919607
_vBhajan
700 _920331
_aKalyanji Anandiji
700 _920425
700 _920426
942 _2ddc
_cGR
999 _c46418
_d46418